000 00507nam a2200181 a 4500
001 9561
003 CO-ViMGA
008 141112s2004 ck r 000 u spa d
040 _aCO-ViMGA
_bspa
_cCO-ViMGA
082 0 4 _a620.0042 B949 V.2
100 1 _aBurden ; Ernest,
_910756
245 1 0 _aTecnicas de Presentación de Proyectos
260 _aMexico :
_bMcGraw - Holl,
_c1990 Tomo II
300 _a247p. : il
650 1 4 _aPRESENTACIONES DIRECTAS
_910757
650 1 4 _aPROYECCIONES
_910758
942 _2ddc
_cBK
999 _c21042
_d21042